| 000 | 00714cam a2200241 4500 | ||
|---|---|---|---|
| 008 | 1990 | ||
| 020 | _a0906182549 | ||
| 035 | _a(Sirsi) u18918 | ||
| 041 | _aeng | ||
| 050 | _a692.5 | ||
| 110 |
_aBuilding Maintenance Information Ltd _92307 |
||
| 245 | _aBMI building maintenance price book 1991 | ||
| 250 | _a11th ed. | ||
| 260 |
_aKingston upon Thames _bBuilding Maintenance Information Ltd _c1990 |
||
| 300 | _a360p. ; 21cm. | ||
| 350 | _a4.65 | ||
| 650 | _aBUILT ENVIRONMENT-BUILDING COSTS | ||
| 650 | _aLABOUR COSTS | ||
| 650 | _aBUILT ENVIRONMENT-BUILDING MAINTENANCE AND REFURBISHMENT | ||
| 650 | _aBUILDING PRICE BOOKS | ||
| 942 | _n0 | ||
| 948 | _c04/03/1997 | ||
| 999 |
_c87634 _d87634 |
||